000 00311nam a2200121Ia 4500
008 190216s9999||||xx |||||||||||||| ||und||
100 _aJain Pc & Srivastava Ak
245 0 _aChemical Analysis An Instrumental Approach
260 _bS Chand & Co
_c1980
300 _a727p
650 _aChemistry
942 _cBK
999 _c2411
_d2411